Mi hermana quiere ser una sirena / (Registro nro. 11910)

Detalles MARC
000 -CABECERA
campo de control de longitud fija 01138cam a22003373a 4500
001 - NÚMERO DE CONTROL
campo de control 0000806
003 - IDENTIFICADOR DEL NÚMERO DE CONTROL
campo de control DO-SdBPM
005 - FECHA Y HORA DE LA ÚLTIMA TRANSACCIÓN
campo de control 20260319133213.0
007 - CAMPO FIJO DE DESCRIPCIÓN FÍSICA--INFORMACIÓN GENERAL
campo de control de longitud fija ta
008 - DATOS DE LONGITUD FIJA--INFORMACIÓN GENERAL
campo de control de longitud fija 8611122010 mx a 000 0 spa d
010 ## - NÚMERO DE CONTROL DE LA BIBLIOTECA DEL CONGRESO
Número de control de LC
020 ## - NÚMERO INTERNACIONAL ESTÁNDAR DEL LIBRO
Número Internacional Estándar del Libro 9789681905460
040 ## - FUENTE DE LA CATALOGACIÓN
Centro catalogador/agencia de origen DO-SdBPM
Centro/agencia transcriptor spa
Centro/agencia modificador BPMSU
--
Normas de descripción rda
082 04 - NÚMERO DE LA CLASIFICACIÓN DECIMAL DEWEY
Número de clasificación M863.6
Número de documento/Ítem H663m 2010
Número de edición 22
100 1# - ENTRADA PRINCIPAL--NOMBRE DE PERSONA
Nombre de persona Hinojosa, Francisco
Fechas asociadas al nombre 1954-
Término indicativo de función/relación autor
Código de función/relación aut.
9 (RLIN) 47
245 13 - MENCIÓN DE TÍTULO
Título Mi hermana quiere ser una sirena /
Mención de responsabilidad, etc. Francisco Hinojosa ; ilustraciones El Fisgón
264 ## - PRODUCCIÓN, PUBLICACIÓN, DISTRIBUCIÓN, FABRICACIÓN Y COPYRIGHT
Producción, publicación, distribución, fabricación y copyright México :
Nombre del de productor, editor, distribuidor, fabricante Santillana ediciones generales,
Fecha de producción, publicación, distribución, fabricación o copyright 2010.
300 ## - DESCRIPCIÓN FÍSICA
Extensión [46] páginas :
Otras características físicas ilustraciones
Dimensiones 19 cm.
336 ## - TIPO DE CONTENIDO
Término de tipo de contenido texto
Código de tipo de contenido txt
Fuente rdacontent
337 ## - TIPO DE MEDIO
Nombre/término del tipo de medio sin mediación
Código del tipo de medio n
Fuente rdamedia
490 0# - MENCIÓN DE SERIE
Mención de serie Alfaguara juvenil
Enlace entre campo y número de secuencia amarilla
521 ## - NOTA DE PÚBLICO DESTINATARIO
Nota de público destinatario A partir de 6 años.
534 ## - NOTA SOBRE LA VERSIÓN ORIGINAL
Frase introductoria Título original.
Mención de título del original The bear that wasn't.
590 ## - NOTA LOCAL (RLIN)
Nota local Inventariado, 2026/VM
650 #7 - PUNTO DE ACCESO ADICIONAL DE MATERIA--TÉRMINO DE MATERIA
Término de materia o nombre geográfico como elemento de entrada Cuentos infantiles mexicanos
650 #7 - PUNTO DE ACCESO ADICIONAL DE MATERIA--TÉRMINO DE MATERIA
Término de materia o nombre geográfico como elemento de entrada Hermanos y hermanas
Subdivisión de forma Cuentos infantiles
650 #7 - PUNTO DE ACCESO ADICIONAL DE MATERIA--TÉRMINO DE MATERIA
Término de materia o nombre geográfico como elemento de entrada Libros ilustrados para niños
700 1# - PUNTO DE ACCESO ADICIONAL--NOMBRE DE PERSONA
Nombre de persona El Fisgón
Término indicativo de función/relación ilustración
910 ## - DATOS DE OPCIÓN DEL USUARIO (OCLC)
Datos de opción del usuario VMateo V. Control de calidad. BPMSU
942 ## - ELEMENTOS DE PUNTO DE ACCESO ADICIONAL (KOHA)
Fuente del sistema de clasificación o colocación Dewey Decimal Classification
Tipo de ítem Koha Libros
Existencias
Estado de retiro Estado de pérdida Fuente del sistema de clasificación o colocación No para préstamo Código de colección Localización permanente Ubicación/localización actual Fecha de adquisición Fuente de adquisición Total de préstamos Signatura topográfica completa Código de barras Fecha visto por última vez Precio válido a partir de Tipo de ítem Koha Número de copia
    Dewey Decimal Classification   Colección Infantil General Biblioteca Pública Metropolitana Salomé Ureña Biblioteca Pública Metropolitana Salomé Ureña 11/11/2016 Alfaguara   BPMSU CGI M863.6 H663m 2010 BPMSU16111210 11/11/2016 11/11/2016 Libros  
    Dewey Decimal Classification   Colección Infantil General Biblioteca Pública Metropolitana Salomé Ureña Biblioteca Pública Metropolitana Salomé Ureña 11/11/2016 Alfaguara   BPMSU CGI M863.6 H663m 2010 BPMSU16111211 11/11/2016 11/11/2016 Libros e2
    Dewey Decimal Classification   Colección Infantil General Biblioteca Pública Metropolitana Salomé Ureña Biblioteca Pública Metropolitana Salomé Ureña 11/11/2016 Alfaguara   BPMSU CGI M863.6 H663m 2010 BPMSU16111212 11/11/2016 11/11/2016 Libros e.3